00467 a2200169 450000100060000002000150000604000220002110000160004324000260005924500210008530000070010636200090011365000350012294200070015795201160016499900170028065698 a140507793X cAnchieta - Pituba aMilne, Jonh10aThe magic barberleng10aThe magic barber a160 a2005 4aLiteratura juvenil em inglês cBK 00104070a91.1b91.1d2023-11-21l0oLJ 028.573 M659m MIL MAGp20459/PITr2023-11-21 18:34:02w2023-11-21yBK c65698d65698